| 000 | 01000nam a2200253 i 4500 | ||
|---|---|---|---|
| 003 | SA-RiAUC | ||
| 005 | 20241109135225.0 | ||
| 008 | 241101q19001999su g 000 0 ara c | ||
| 040 |
_aSA-RiCSC _bara _cSA-RiAUC _erda |
||
| 082 | 0 | 4 | _a219.1 |
| 090 |
_a219.1 _bح ج ا |
||
| 100 | 1 |
_aحجازي، محمد زكي الدين _eمؤلف. |
|
| 245 | 1 | 2 |
_aالمسئولية في الإسلام / _cمحمد زكي الدين حجازي. |
| 264 | 1 |
_aجدة، السعودية : _bالدار السعودية للنشر والتوزيع، _c[بين 1900 و1999] |
|
| 300 |
_a134 صفحة ؛ _c20 سم |
||
| 336 |
_aنص _btxt _2rdacontent _3كتاب |
||
| 337 |
_aبدون وسيط _bn _2rdamedia |
||
| 338 |
_aمجلد _bnc _2rdacarrier |
||
| 650 | 7 |
_aالمسئولية (فقه إسلامي) _2aucsh |
|
| 650 | 7 |
_aالإسلام والمجتمع _2aucsh |
|
| 650 | 7 |
_aالتكافل الاجتماعي في الإسلام _2aucsh |
|
| 942 |
_2ddc _cBOOK _n0 |
||
| 949 |
_aSA-JeALM _d241101 _umohamedma123 _n1 |
||
| 999 |
_c2217 _d2217 |
||